Statistics for Sports brands anagrams

Click here to take the quiz!

General Stats

  • This quiz has been taken 107 times
  • The average score is 7 of 12

Answer Stats

HintAnswer% Correct
diasdaAdidas
100%
nekiNike
100%
umapPuma
100%
ndure maruorUnder Armour
82%
wne blcnaaeNew Balance
79%
kreoebReebok
74%
colatseLacoste
55%
peesodSpeedo
49%
bertilgGilbert
38%
buomrUmbro
37%
bycaerurntCanterbury
13%
yolkeaOakley
7%

Score Distribution

Percentile by Number Answered

Percent of People with Each Score

Your Score History

You have not taken this quiz